El público y las nuevas tecnologías en los museos [ (Record no. 174469)

MARC details
000 -LEADER
campo de control de longitud fija 01174nmm a2200289 4500
001 - NÚMERO DE CONTROL
campo de control 174469
003 - IDENTIFICADOR DE NÚMERO DE CONTROL
campo de control ES-MaACL
005 - FECHA Y HORA DE LA ÚLTIMA TRANSACCIÓN
campo de control 20250812080804.0
006 - CÓDIGOS DE INFORMACIÓN DE LONGITUD FIJA--CARACTERÍSTICAS DEL MATERIAL ADICIONAL
campo de control de longitud fija a s 10 0
007 - CAMPO FIJO DE DESCRIPCIÓN FÍSICA--INFORMACIÓN GENERAL
campo de control de longitud fija c| |g
008 - DATOS DE LONGITUD FIJA--INFORMACIÓN GENERAL
campo de control de longitud fija 100427s2010 sp | | 10 0 spa d
017 ## - NÚMERO DE COPYRIGHT O DE DEPÓSITO LEGAL
Número de copyright o de depósito legal LE 444-201
020 ## - NÚMERO INTERNACIONAL ESTÁNDAR DEL LIBRO
Número Internacional Estándar del Libro 978-84-692-7892-5
111 2# - ENTRADA PRINCIPAL--NOMBRE DE CONGRESO/REUNIÓN
Nombre de congreso/reunión o jurisdicción como elemento de entrada El público y las nuevas tecnologías en los museos (
Número del congreso/reunión o número de parte o sección 1º.
Fecha del congreso o de la firma del tratado 2009.
Sede del congreso/Lugar de la reunión León)
9 (RLIN) 142594
245 13 - MENCIÓN DEL TÍTULO
Título El público y las nuevas tecnologías en los museos [
Medio recurso electrónico] /
Mención de responsabilidad, etc. coordinación, Yolanda Rey Folgueral.
260 ## - PUBLICACIÓN, DISTRIBUCIÓN, ETC.
Lugar de publicación, distribución, etc. [León] :
Nombre del editor, distribuidor, etc. Museo Sierra-Pampley :
-- Fundación Sierra-Pampley ;
Lugar de publicación, distribución, etc. [Madrid] :
Nombre del editor, distribuidor, etc. Ministerio de Cultura,
Fecha de publicación, distribución, etc. DL 2010.
300 ## - DESCRIPCIÓN FÍSICA
Extensión 1 disco compacto ;
Dimensiones 12 cm.
500 ## - NOTA GENERAL
Nota general Actas correspondientes al curso El público y las nuevas tecnologías en los museos.
594 ## - Nota al título y mención de responsabilidad
Nota al título y mención de responsabilidad Tít. tomado del CD.
650 #4 - PUNTO DE ACCESO ADICIONAL DE MATERIA--TÉRMINO DE MATERIA
Término de materia o nombre geográfico como elemento de entrada Museos-
Subdivisión general Innovaciones tecnológicas.
9 (RLIN) 142596
650 #7 - PUNTO DE ACCESO ADICIONAL DE MATERIA--TÉRMINO DE MATERIA
Término de materia o nombre geográfico como elemento de entrada Arte y tecnología
Fuente del encabezamiento o término embne
9 (RLIN) 142597
710 1# - ENTRADA AGREGADA--NOMBRE DE ENTIDAD CORPORATIVA
Nombre de entidad corporativa o nombre de jurisdicción como elemento de entrada España.
Unidad subordinada Ministerio de Cultura
9 (RLIN) 3850
710 2# - ENTRADA AGREGADA--NOMBRE DE ENTIDAD CORPORATIVA
Nombre de entidad corporativa o nombre de jurisdicción como elemento de entrada Museo Sierra-Pampley.
9 (RLIN) 142598
710 2# - ENTRADA AGREGADA--NOMBRE DE ENTIDAD CORPORATIVA
Nombre de entidad corporativa o nombre de jurisdicción como elemento de entrada Fundación Sierra-Pampley.
9 (RLIN) 142599
852 ## - LOCALIZACIÓN
Ubicación ES-MaACL
Número de control de estantería ROT 2/4/29
Nota libre .- CD-ROM
Holdings
Estatus retirado Estado de pérdida Estado de daño No para préstamo Biblioteca de origen Biblioteca actual Ubicación en estantería Fecha de adquisición Fuente de adquisición Total de préstamos Signatura topográfica completa Código de barras Visto por última vez Precio de reemplazo Tipo de ítem Koha
        Biblioteca del Ateneo de Madrid Biblioteca del Ateneo de Madrid Depósito 27/04/2010     ROT 2/4/29 1183150 23/02/2023 23/02/2023 Archivo de ordenador en CD-ROM, CD o disquete